00491nam a2200157Ia 4500008004100000020001800041082001500059100002400074245004300098250000800141260007000149300002400219500001900243600002100262650005000283240925s9999 xx 000 0 und d a9780070141797 a004.22 CAR aCarter, Nicholas P. 0aComputer Architecture and Organization a2nd aNew Delhi:bMcGraw Hill Education (India) Private Limitedc,2014. a1145p.b0fOriginal aIncludes Index aComputer Science aComputer science, information & general works